000 00483nam a2200193Ia 4500
003 OSt
005 20250809110512.0
008 250729s2005 xx 000 0 und d
020 _a978-8125938460
040 _cAL
041 _aeng
082 _a370.15 SKIE
100 _aAggarwal J C
_9221174
245 _aTeacher and education in a developing society
260 _aNew Delhi
_bVikas Publishing
_c2005
300 _a755p
650 _aPsychology
_9221175
942 _2ddc
_cBED
999 _c234888
_d234888